| 000 | 01090nam a2200277 a 4500 | ||
|---|---|---|---|
| 001 | 000024321 | ||
| 003 | DO-SdBNP | ||
| 005 | 20221122093847.0 | ||
| 008 | 110126s2007 dr r 000 0 spa d | ||
| 040 |
_aDO-SdBNP _bspa _cBPMSU |
||
| 082 | 4 |
_a341.481 _bJ93s 2007 _222 |
|
| 245 | 0 | 4 |
_aLos jueces de la Suprema Corte de Justicia comentando los derechos individuales y sociales / _cpresentación Jorge A. Subero Isa. |
| 260 |
_aSanto Domingo : _bSuprema Corte de Justicia, _c2007. |
||
| 300 |
_a180 p. ; _c21 cm. |
||
| 490 | _a | ||
| 500 | _3Incluye referencias bibliográficas y notas al pie de las páginas | ||
| 590 | _aInventariado, 2022/VM | ||
| 650 | 4 |
_aDerechos económicos y sociales _xEnsayos, conferencias, etc. |
|
| 650 | 4 |
_aDerechos civiles _xEnsayos, conferencias, etc. |
|
| 650 | 4 |
_aDerechos humanos _xEnsayos, conferencias, etc. |
|
| 650 | 4 |
_aPoder judicial _zRepública Dominicana _xEnsayos, conferencias, etc. |
|
| 700 | 1 |
_aSubero Isa, Jorge A., _dpresent. |
|
| 710 | 2 | _aSuprema Corte de Justicia (República Dominicana) | |
| 910 | _aVMateo V./Validado | ||
| 942 |
_2ddc _cBK |
||
| 999 |
_c14077 _d14077 |
||